000 00458nam a2200157 i 4500
001 bg
100 1 _aJABŁOŃSKI, Eugeniusz
245 0 _aWzory umów zawieranych przez jednostki gospodarki uspołecznionej /
_cEugeniusz Jabłoński, Ryszard Oleszyński.
250 _aWyd.2 zmien. i uzup.
260 _aWarszawa,
_c1977.
700 1 _aOLESZYŃSKI, Ryszard
040 _cBPK
041 _apol
942 _cKS
008 s pl f |000 0 pol
999 _c17470
_d17470
856 _uhttp://koha.tu.koszalin.pl/cgi-bin/koha/opac-detail.pl?biblionumber=17470
_yKatalog online BPK